£140m to crush England's waste mountain (Record no. 69864)

MARC details
000 -LEADER
fixed length control field 01007cam a2200217 4500
001 - CONTROL NUMBER
control field WB3812-34
008 - FIXED-LENGTH DATA ELEMENTS--GENERAL INFORMATION
fixed length control field 020328n2002 000 0 eng u
035 ## - SYSTEM CONTROL NUMBER
System control number (Sirsi) u117275
245 ## - TITLE STATEMENT
Title £140m to crush England's waste mountain
260 ## - PUBLICATION, DISTRIBUTION, ETC.
Date of publication, distribution, etc. 2002
490 ## - SERIES STATEMENT
Series statement DEFRA News Release
Volume/sequential designation (118/02) 26 March 2002, (2)
520 ## - SUMMARY, ETC.
Summary, etc. £140m waste and recycle fund available to local councils in England and Wales to help them treble recycling and composting to meet their 25% targets in 2005/6. The fund will be provided over two years and will support local recycling and waste initiatives. For the DEFRA news release: http://www.defra.gov.uk/news/2002/020326b.htm. For the consultation document: http://www.defra.gov.uk/environment/consult/wastefund/index.htm
590 ## - LOCAL NOTE (RLIN)
Local note WB
650 ## - SUBJECT ADDED ENTRY--TOPICAL TERM
Topical term or geographic name entry element LOCAL COUNCILS
650 ## - SUBJECT ADDED ENTRY--TOPICAL TERM
Topical term or geographic name entry element LOCAL AUTHORITIES
650 ## - SUBJECT ADDED ENTRY--TOPICAL TERM
Topical term or geographic name entry element HOUSEHOLD WASTE
650 ## - SUBJECT ADDED ENTRY--TOPICAL TERM
Topical term or geographic name entry element RECYCLING
650 ## - SUBJECT ADDED ENTRY--TOPICAL TERM
Topical term or geographic name entry element LANDFILL SITES
690 ## - LOCAL SUBJECT ADDED ENTRY--TOPICAL TERM (OCLC, RLIN)
Topical term or geographic name as entry element ENVIRONMENTAL AND LAND CONSULTANCY-WASTE MANAGEMENT
942 ## - ADDED ENTRY ELEMENTS (KOHA)
Suppress in OPAC 0
Holdings
Withdrawn status Lost status Source of classification or shelving scheme Damaged status Not for loan Home library Current library Shelving location Date acquired Total Checkouts Full call number Barcode Date last seen Copy number Price effective from Koha item type
    Dewey Decimal Classification     London London News article 28/03/2002   WB3812-34 117275-1001 06/08/2019 1 06/08/2019 News article